000 00297nam a22001457a 4500
003 SGT
082 _a346.9,RAT
100 _aRATURI,RAJIVE
245 _aDISABILITY AND THE LAW
250 _a2ND
260 _aNEW DELHI
_bUNIVERSAL BOOKS
_c2011
300 _a964
650 _aLAW
942 _2ddc
_cBK
999 _c9765
_d9765